000 00824cab a2200277 4500
001 ABS58112
008 090401t1997 xxu||||| |||| 00| 0 eng d
035 _a(Sirsi) u82844
041 _aeng
100 _aCrathorne, R.
245 _aManaging the manor houses
260 _c1997
350 _a0
490 _aProperty Week
_v61(12) 19 December 1997, 18(1)
520 _aPromotes basic management practice standards as essential for profit to be maximised from the residential rural estate property portfolio.
650 _aHOUSING MANAGEMENT
650 _aMAINTENANCE PROGRAMMES
650 _aPRIVATE SECTOR
650 _aRENTAL LEVELS
650 _aRURAL ESTATE MANAGEMENT
650 _aRURAL HOUSING
650 _aSECURITY OF TENURE
690 _aRURAL PRACTICE
942 _n0
948 _c22/12/1997
999 _c52316
_d52316